[Event "UZB-ch (Women)"]
[Site "Tashkent"]
[Date "2023.03.08"]
[Round "4"]
[White "Kurmangaliyeva, Liya"]
[Black "Abdusattorova, Bakhora"]
[Result "1-0"]
[WhiteElo "2259"]
[BlackElo "1968"]
[PlyCount "166"]
[EventDate "2023.03.06"]
[EventType "swiss"]
[EventRounds "9"]
[EventCountry "UZB"]
[SourceTitle "CBM 213 Extra"]
[Source "ChessBase"]
[SourceDate "2023.05.31"]
[SourceVersion "1"]
[SourceVersionDate "2023.05.31"]
[SourceQuality "1"]

1. d4 Nf6 2. c4 e6 3. Nf3 d5 4. Nc3 Bb4 5. g3 0-0 6. Bg2 dxc4 7. 0-0 c5 8. dxc5 Qe7 9. Qc2 Qxc5 10. Be3 Qh5 11. Ne4 Ng4 12. Bd2 Bxd2 13. Qxd2 Nc6 14. h3 Nf6 15. Nxf6+ gxf6 16. Qf4 e5 17. Qxf6 Qg6 18. Qxg6+ hxg6 19. Rac1 Be6 20. Ng5 Na5 21. Nxe6 fxe6 22. Rc3 Rac8 23. Re3 Rc5 24. Rd1 Rf7 25. h4 Kg7 26. Rc3 Nc6 27. Bxc6 Rxc6 28. Rdc1 Rfc7 29. Kg2 b5 30. Kf3 Rf7+ 31. Ke3 Ra6 32. a3 Rd6 33. f3 Rfd7 34. R1c2 Kf6 35. g4 Rh7 36. a4 a6 37. axb5 axb5 38. b3 cxb3 39. Rxb3 Rxh4 40. Rxb5 Ra6 41. Rb4 Rh1 42. Rb5 Ra3+ 43. Kf2 Rh2+ 44. Kg1 Rh4 45. Rc4 Ra1+ 46. Kg2 Rd1 47. g5+ Kxg5 48. Rxe5+ Kf6 49. Rxe6+ Kxe6 50. Rxh4 Kf5 51. Re4 Rb1 52. Re8 Rb2 53. Kg3 Ra2 54. Rf8+ Ke6 55. e4 Ke7 56. Rb8 Ra5 57. Kg4 Kf7 58. Rb7+ Kf6 59. Rb6+ Kf7 60. Rd6 Rb5 61. Rd5 Rb1 62. Kf4 Rb3 63. Rg5 Ra3 64. Rg3 Ra5 65. Kg4 Kf6 66. f4 Ra4 67. e5+ Kf7 68. Rb3 Ra1 69. Rb7+ Ke6 70. Kg5 Rg1+ 71. Kh6 g5 72. Rb6+ Kd5 73. fxg5 Kxe5 74. g6 Kf5 75. Kh7 Rh1+ 76. Kg8 Ra1 77. g7 Kg5 78. Rb2 Kg6 79. Rb6+ Kf5 80. Kh7 Ra7 81. Kh8 Kg5 82. Kg8 Ra1 83. Re6 Kf5 1-0

[Event "UZB-ch (Women)"]
[Site "Tashkent"]
[Date "2022.04.15"]
[Round "1"]
[White "Abdusattorova, Bakhora"]
[Black "Malikova, Marjona"]
[Result "0-1"]
[WhiteElo "2080"]
[BlackElo "1756"]
[PlyCount "64"]
[EventDate "2022.04.15"]
[EventType "tourn"]
[EventRounds "9"]
[EventCountry "UZB"]
[SourceTitle "EXT 2023"]
[Source "ChessBase"]
[SourceDate "2022.10.05"]
[SourceVersion "1"]
[SourceVersionDate "2022.10.05"]
[SourceQuality "1"]

1. d4 Nf6 2. Nf3 e6 3. e3 d5 4. Bd3 Nbd7 5. b3 Be7 6. Bb2 c5 7. Nbd2 b6 8. 0-0 Bb7 9. Ne5 Nxe5 10. dxe5 Nd7 11. Qg4 g6 12. c4 d4 13. exd4 Nxe5 14. dxe5 Qxd3 15. Nf3 0-0-0 16. Ng5 h5 17. Qf4 Bxg5 18. Qxg5 h4 19. h3 Rh5 20. Qg4 Qc2 21. Rab1 Rd2 22. Ba1 Rxf2 23. Rxf2 Qxb1+ 24. Rf1 Qxa2 25. Kh2 Rf5 26. Rg1 Rf2 27. b4 Qd2 28. bxc5 Bf3 29. Bc3 Qxc3 30. Qxh4 Qxe5+ 31. Kh1 Bxg2+ 32. Rxg2 Qe1+ 0-1

[Event "Titled Tuesday intern op 21st Sept"]
[Site "Chess.com INT"]
[Date "2021.09.21"]
[Round "2"]
[White "Abdusattorova, Bakhora"]
[Black "Krassilnikov, Evgeni"]
[Result "0-1"]
[WhiteElo "2080"]
[BlackElo "2381"]
[PlyCount "56"]
[EventDate "2021.09.21"]
[EventType "swiss (blitz)"]
[EventRounds "9"]
[EventCountry "USA"]
[SourceTitle "EXT 2022"]
[Source "ChessBase"]
[SourceDate "2021.10.06"]
[SourceVersion "1"]
[SourceVersionDate "2021.10.06"]
[SourceQuality "1"]

1. d4 Nf6 2. c4 g6 3. Nc3 Bg7 4. e4 d6 5. Nge2 0-0 6. Ng3 c6 7. Bd3 a6 8. h4 h5 9. Bg5 Nbd7 10. Qd2 b5 11. cxb5 axb5 12. Bh6 b4 13. Nce2 c5 14. Bxg7 Kxg7 15. Nf4 Rh8 16. 0-0 Ba6 17. Rfe1 Bxd3 18. Qxd3 cxd4 19. Qxd4 e5 20. Qxd6 exf4 21. Ne2 Nxe4 22. Qd4+ Ndf6 23. Qxb4 Qb8 24. Qc4 Qxb2 25. Reb1 Nd2 26. Qxf4 Nxb1 27. Rxb1 Qxb1+ 28. Kh2 Qe4 0-1

[Event "Titled Tuesday intern op 21st Sept"]
[Site "Chess.com INT"]
[Date "2021.09.21"]
[Round "6"]
[White "Abdusattorova, Bakhora"]
[Black "Reprintsev, Alexander"]
[Result "0-1"]
[WhiteElo "2080"]
[BlackElo "2353"]
[PlyCount "72"]
[EventDate "2021.09.21"]
[EventType "swiss (blitz)"]
[EventRounds "9"]
[EventCountry "USA"]
[SourceTitle "EXT 2022"]
[Source "ChessBase"]
[SourceDate "2021.10.06"]
[SourceVersion "1"]
[SourceVersionDate "2021.10.06"]
[SourceQuality "1"]

1. d4 d5 2. c4 e5 3. dxe5 d4 4. g3 Nc6 5. Nf3 Nge7 6. Bg2 Ng6 7. 0-0 Ngxe5 8. Nxe5 Nxe5 9. b3 Bc5 10. Bb2 0-0 11. Nd2 a5 12. Ne4 Ba7 13. Qd2 c5 14. Rad1 h6 15. Ba3 Qc7 16. e3 Rd8 17. exd4 cxd4 18. c5 Bg4 19. f3 Be6 20. f4 Ng4 21. f5 Bd5 22. f6 Bxe4 23. Bxe4 Bxc5 24. fxg7 Bxa3 25. Rde1 Bb4 26. Qe2 Ne3 27. Qh5 Ra6 28. Rxf7 Qxf7 29. Bh7+ Kxg7 30. Qe5+ Kxh7 31. Qe4+ Nf5 32. Rf1 Rf8 33. g4 Rg6 34. Kh1 Ng3+ 35. hxg3 Qxf1+ 36. Kh2 Rf2+ 0-1

[Event "Titled Tuesday intern op 31st Aug"]
[Site "Chess.com INT"]
[Date "2021.08.31"]
[Round "2"]
[White "Abdusattorova, Bakhora"]
[Black "Manukyan, Artyom"]
[Result "1/2-1/2"]
[WhiteElo "2080"]
[BlackElo "2097"]
[PlyCount "148"]
[EventDate "2021.08.31"]
[EventType "swiss (blitz)"]
[EventRounds "11"]
[EventCountry "USA"]
[SourceTitle "EXT 2022"]
[Source "ChessBase"]
[SourceDate "2021.10.06"]
[SourceVersion "1"]
[SourceVersionDate "2021.10.06"]
[SourceQuality "1"]

1. d4 d5 2. c4 e6 3. Nc3 Nf6 4. cxd5 exd5 5. Bg5 c6 6. e3 Qb6 7. a3 Ne4 8. Nxe4 dxe4 9. Qd2 Be6 10. Ne2 h6 11. Bh4 Nd7 12. Nc3 Bd5 13. Be2 Bd6 14. 0-0 0-0 15. f3 exf3 16. Bxf3 Bxf3 17. Rxf3 Rae8 18. Raf1 Re6 19. Qf2 f6 20. Kh1 Rf7 21. e4 Rf8 22. b4 a5 23. Na4 Qc7 24. e5 fxe5 25. Rxf8+ Nxf8 26. dxe5 Rxe5 27. Bg3 Re6 28. Qxf8+ Bxf8 29. Bxc7 axb4 30. axb4 Bxb4 31. Rb1 b5 32. Nb2 Re3 33. Bf4 Rb3 34. Be5 Ba3 35. h3 c5 36. Rc1 Bxb2 37. Rb1 Bxe5 38. Rxb3 b4 39. Kg1 Bc3 40. Kf1 c4 41. Rb1 b3 42. Ke2 b2 43. Kd1 Kf7 44. Kc2 Bf6 45. Rd1 c3 46. Rd7+ Kg6 47. g4 Kg5 48. Rd3 Kf4 49. Kb1 Ke4 50. Rd7 Bd4 51. Kc2 Be5 52. Re7 Kf4 53. Rd7 g5 54. Rd3 Ke4 55. Rd7 Bd4 56. Rd6 Be5 57. Rxh6 Kf4 58. Re6 Bd4 59. Rd6 Be3 60. Rd5 Kg3 61. Rd3 Kf3 62. Rxc3 Ke4 63. Rd3 Bd4 64. Rd1 Be5 65. Re1+ Kf4 66. Rf1+ Kg3 67. Rf5 Bf4 68. Kxb2 Kxh3 69. Kc3 Kxg4 70. Rf8 Kf3 71. Kd3 g4 72. Rf7 g3 73. Rg7 g2 74. Rxg2 Kxg2 1/2-1/2

[Event "Titled Tuesday intern op 31st Aug"]
[Site "Chess.com INT"]
[Date "2021.08.31"]
[Round "6"]
[White "Lopez Gracia, Fernando"]
[Black "Abdusattorova, Bakhora"]
[Result "1-0"]
[WhiteElo "2289"]
[BlackElo "2080"]
[PlyCount "71"]
[EventDate "2021.08.31"]
[EventType "swiss (blitz)"]
[EventRounds "11"]
[EventCountry "USA"]
[SourceTitle "EXT 2022"]
[Source "ChessBase"]
[SourceDate "2021.10.06"]
[SourceVersion "1"]
[SourceVersionDate "2021.10.06"]
[SourceQuality "1"]

1. c4 Nf6 2. Nc3 e6 3. e4 d6 4. d4 g6 5. Nf3 Bg7 6. Be2 0-0 7. 0-0 Nbd7 8. b3 b6 9. Bb2 Bb7 10. Qc2 c5 11. Rad1 cxd4 12. Nxd4 a6 13. f4 Qe7 14. Bf3 Rac8 15. Rfe1 b5 16. cxb5 Nh5 17. Bxh5 gxh5 18. Qe2 Nf6 19. bxa6 Ba8 20. Ndb5 d5 21. exd5 Qc5+ 22. Qe3 Qxe3+ 23. Rxe3 exd5 24. Red3 Ne4 25. Nxd5 Bxb2 26. Ne7+ Kg7 27. Nxc8 Rxc8 28. Rd8 Rxd8 29. Rxd8 Bc6 30. a7 Nc3 31. Nxc3 Bxc3 32. a8Q Bxa8 33. Rxa8 Bd4+ 34. Kf1 Kf6 35. Ke2 Kf5 36. Kf3 1-0

[Event "UZB-ch (Women) final"]
[Site "Tashkent"]
[Date "2021.04.21"]
[Round "5.3"]
[White "Orazmukhammedova, Makhim"]
[Black "Abdusattorova, Bakhora"]
[Result "0-1"]
[WhiteElo "1898"]
[BlackElo "2078"]
[PlyCount "58"]
[EventDate "2021.04.17"]
[EventType "tourn"]
[EventRounds "11"]
[EventCountry "UZB"]
[SourceTitle "CBM 202 Extra"]
[Source "ChessBase"]
[SourceDate "2021.07.31"]
[SourceVersion "1"]
[SourceVersionDate "2021.07.31"]
[SourceQuality "1"]

1. d4 Nf6 2. c4 e6 3. Bg5 h6 4. Bh4 Bb4+ 5. Nc3 c5 6. e3 Qa5 7. Qb3 Ne4 8. Rc1 cxd4 9. exd4 Nc6 10. Nge2 0-0 11. a3 Bxc3+ 12. bxc3 d5 13. c5 b6 14. f3 Ng5 15. cxb6 Rb8 16. Qc2 Rxb6 17. Bxg5 hxg5 18. h4 g4 19. h5 Qxa3 20. Qd2 Rb2 21. Qf4 e5 22. dxe5 Re8 23. h6 Nxe5 24. Rd1 g3 25. Qxg3 Ng6 26. Kf2 Qc5+ 27. Ke1 Qxc3+ 28. Kf2 Qe3+ 29. Ke1 Rxe2+ 0-1

[Event "UZB-ch (Women) final"]
[Site "Tashkent"]
[Date "2021.04.17"]
[Round "1.2"]
[White "Malikova, Marjona"]
[Black "Abdusattorova, Bakhora"]
[Result "1/2-1/2"]
[WhiteElo "1651"]
[BlackElo "2078"]
[PlyCount "100"]
[EventDate "2021.04.17"]
[EventType "tourn"]
[EventRounds "11"]
[EventCountry "UZB"]
[SourceTitle "CBM 202 Extra"]
[Source "ChessBase"]
[SourceDate "2021.07.31"]
[SourceVersion "1"]
[SourceVersionDate "2021.07.31"]
[SourceQuality "1"]

1. d4 Nf6 2. c4 e6 3. Nc3 Bb4 4. Qc2 d5 5. cxd5 exd5 6. Bg5 h6 7. Bh4 Nc6 8. e3 g5 9. Bg3 Qe7 10. Bb5 Bd7 11. Nge2 a6 12. Bxc6 Bxc6 13. Be5 Rg8 14. Qf5 Rg6 15. h4 Bd7 16. Qc2 c6 17. hxg5 Rxg5 18. Rxh6 Ng8 19. Rh8 0-0-0 20. 0-0-0 Bf5 21. Qb3 Rxg2 22. Na4 Bd6 23. Bxd6 Qxd6 24. Nc5 Qc7 25. Rf1 Re8 26. Nf4 Rg4 27. Nfd3 Nf6 28. Rxe8+ Nxe8 29. Qd1 Qa5 30. Ne5 Rh4 31. Qb3 Qc7 32. Rg1 Rh8 33. Qd1 f6 34. Qf3 Nd6 35. Ng4 Qa5 36. e4 dxe4 37. Qf4 Rd8 38. Nxf6 Qxa2 39. Rg5 Qc4+ 40. Kb1 Bh3 41. Qg3 Qf1+ 42. Ka2 Nb5 43. Rg7 Qc4+ 44. Kb1 Bf5 45. Qe5 Bh3 46. Rxb7 Qf1+ 47. Ka2 Qc4+ 48. Kb1 Qf1+ 49. Ka2 Qc4+ 50. Kb1 Qf1+ 1/2-1/2

[Event "Titled Tuesday intern op 30th Mar"]
[Site "Chess.com INT"]
[Date "2021.03.30"]
[Round "3"]
[White "Abdusattorova, Bakhora"]
[Black "Nozdrachev, Leonid"]
[Result "1/2-1/2"]
[WhiteElo "2078"]
[BlackElo "2372"]
[PlyCount "97"]
[EventDate "2021.03.30"]
[EventType "swiss (blitz)"]
[EventRounds "11"]
[EventCountry "USA"]
[SourceTitle "CBM 201 Extra"]
[Source "ChessBase"]
[SourceDate "2021.05.31"]
[SourceVersion "1"]
[SourceVersionDate "2021.05.31"]
[SourceQuality "1"]

1. d4 Nf6 2. c4 e6 3. Nc3 Bb4 4. e3 0-0 5. Nge2 d5 6. a3 Bd6 7. Ng3 c6 8. Bd3 e5 9. dxe5 Bxe5 10. 0-0 Re8 11. cxd5 cxd5 12. Nce2 Nc6 13. Rb1 a5 14. b4 axb4 15. axb4 Be6 16. Bb2 Bxb2 17. Rxb2 Ne5 18. Nd4 g6 19. Qb1 Nc4 20. Ra2 Rxa2 21. Qxa2 Qa8 22. Ra1 Qxa2 23. Rxa2 Rc8 24. h4 Ne5 25. Bf1 Rc1 26. Ra8+ Kg7 27. Nxe6+ fxe6 28. Ra7 Rc7 29. Ba6 Nc6 30. Rxb7 Rxb7 31. Bxb7 Nxb4 32. e4 dxe4 33. Nxe4 Nxe4 34. Bxe4 Kf6 35. g3 h6 36. Kg2 g5 37. hxg5+ hxg5 38. f4 Na2 39. Kf3 Nc3 40. Bc6 Nb1 41. Kg4 gxf4 42. Kxf4 Nc3 43. g4 Ne2+ 44. Ke3 Nc3 45. Kf4 Nd5+ 46. Bxd5 exd5 47. g5+ Kg6 48. Ke5 Kxg5 49. Kxd5 1/2-1/2

[Event "Titled Tuesday intern op 30th Mar"]
[Site "Chess.com INT"]
[Date "2021.03.30"]
[Round "4"]
[White "Abdusattorova, Bakhora"]
[Black "Rodchenkov, Sergey D"]
[Result "0-1"]
[WhiteElo "2078"]
[BlackElo "2346"]
[PlyCount "152"]
[EventDate "2021.03.30"]
[EventType "swiss (blitz)"]
[EventRounds "11"]
[EventCountry "USA"]
[SourceTitle "CBM 201 Extra"]
[Source "ChessBase"]
[SourceDate "2021.05.31"]
[SourceVersion "1"]
[SourceVersionDate "2021.05.31"]
[SourceQuality "1"]

1. d4 Nf6 2. c4 e6 3. Nf3 b6 4. g3 Bb7 5. Bg2 Be7 6. 0-0 0-0 7. Nc3 Na6 8. Qc2 d5 9. a3 Re8 10. Ne5 Bf8 11. Bg5 h6 12. Bxf6 gxf6 13. Ng4 f5 14. Ne5 c6 15. cxd5 cxd5 16. e3 Nc7 17. Qe2 Ba6 18. Qh5 Qf6 19. Rfe1 Rac8 20. g4 fxg4 21. Qxg4+ Qg5 22. Qf3 f6 23. Ng4 Bg7 24. e4 h5 25. Ne3 Bb7 26. exd5 Nxd5 27. Ncxd5 exd5 28. Nf5 Kf8 29. Rxe8+ Rxe8 30. Nd6 Re7 31. Nxb7 Rxb7 32. Qxd5 Qxd5 33. Bxd5 Rd7 34. Bf3 Rxd4 35. Bxh5 Rd2 36. b4 f5 37. Re1 Bd4 38. Re2 Rd3 39. Re8+ Kg7 40. a4 Kf6 41. Kg2 Ra3 42. Rd8 Be5 43. Be8 Rb3 44. Ra8 Rxb4 45. Rxa7 Rg4+ 46. Kf1 Rh4 47. Rb7 Bd4 48. Rf7+ Ke5 49. Bd7 f4 50. Rf5+ Kd6 51. Bc8 Be5 52. Rg5 f3 53. Bb7 Rxh2 54. Bxf3 Bd4 55. Rg6+ Kc5 56. Rg2 Rh1+ 57. Ke2 Ra1 58. Rg5+ Kb4 59. Kd3 Bxf2 60. Ke4 Rxa4 61. Rg6 Bc5 62. Be2 Ra3 63. Kd5 Re3 64. Bg4 Kc3 65. Bd7 Rd3+ 66. Kc6 Rd4 67. Be8 Rd8 68. Kb5 Bd4 69. Rg3+ Kd2 70. Bg6 Be3 71. Rg2+ Kc3 72. Rg3 Kd4 73. Rg2 Rd5+ 74. Kxb6 Ke5+ 75. Kc6 Rd6+ 76. Kc7 Rd1 0-1

[Event "Online Olym Div Top-A"]
[Site "Chess.com INT"]
[Date "2020.08.22"]
[Round "6.3"]
[White "Khademalsharieh, Sarasadat"]
[Black "Abdusattorova, Bakhora"]
[Result "1-0"]
[WhiteElo "2494"]
[BlackElo "1062"]
[PlyCount "41"]
[EventDate "2020.08.21"]
[EventType "tourn (rapid)"]
[EventRounds "9"]
[EventCountry "USA"]
[SourceTitle "CBM 198"]
[Source "ChessBase"]
[SourceDate "2020.10.31"]
[SourceVersion "1"]
[SourceVersionDate "2020.10.31"]
[SourceQuality "1"]
[WhiteTeam "Iran"]
[BlackTeam "Uzbekistan"]
[WhiteTeamCountry "IRI"]
[BlackTeamCountry "UZB"]

1. Nf3 d5 2. e3 Nf6 3. c4 e6 4. b3 c5 5. Bb2 Nc6 6. cxd5 Nxd5 7. Be2 Be7 8. Nc3 0-0 9. Qb1 Ncb4 10. 0-0 b6 11. Rd1 Bb7 12. a3 Na6 13. d4 cxd4 14. Nxd5 Qxd5 15. Rxd4 Qc6 16. Rg4 f6 17. Bd3 h6 18. Bh7+ Kh8 19. Qg6 Rg8 20. Bxg8 Rxg8 21. Ne5 1-0

[Event "Titled Tuesday intern op 5th May"]
[Site "Chess.com INT"]
[Date "2020.05.05"]
[Round "5"]
[White "Abdusattorova, Bakhora"]
[Black "Tarini, Goyal"]
[Result "1-0"]
[WhiteElo "2094"]
[BlackElo "2164"]
[PlyCount "45"]
[EventDate "2020.05.05"]
[EventType "swiss (blitz)"]
[EventRounds "10"]
[EventCountry "USA"]
[SourceTitle "EXT 2021"]
[Source "ChessBase"]
[SourceDate "2020.10.23"]
[SourceVersion "1"]
[SourceVersionDate "2020.10.23"]
[SourceQuality "1"]

1. d4 Nf6 2. c4 e6 3. Nf3 d5 4. g3 dxc4 5. Bg2 c5 6. 0-0 Nc6 7. dxc5 Qxd1 8. Rxd1 Bxc5 9. Nbd2 c3 10. bxc3 0-0 11. Nb3 Bb6 12. Nfd4 Bd7 13. Bg5 Nxd4 14. Nxd4 Nd5 15. Rac1 Rac8 16. c4 Nb4 17. Be7 Nxa2 18. Rc2 Rfe8 19. Rxa2 Rxe7 20. Bxb7 Rxc4 21. Nf3 Bc8 22. Ne5 Rcc7 23. Rd8+ 1-0

[Event "Titled Tuesday intern op 5th May"]
[Site "Chess.com INT"]
[Date "2020.05.05"]
[Round "3"]
[White "Balla, Tamas Kristof"]
[Black "Abdusattorova, Bakhora"]
[Result "1-0"]
[WhiteElo "2348"]
[BlackElo "2094"]
[PlyCount "129"]
[EventDate "2020.05.05"]
[EventType "swiss (blitz)"]
[EventRounds "10"]
[EventCountry "USA"]
[SourceTitle "EXT 2021"]
[Source "ChessBase"]
[SourceDate "2020.10.23"]
[SourceVersion "1"]
[SourceVersionDate "2020.10.23"]
[SourceQuality "1"]

1. e4 e5 2. Nf3 Nc6 3. d4 exd4 4. Nxd4 Nf6 5. Nxc6 bxc6 6. e5 Qe7 7. Qe2 Nd5 8. c4 Nb6 9. Nd2 a5 10. Qe3 g6 11. Bd3 Bg7 12. f4 0-0 13. Nf3 Ba6 14. b3 a4 15. 0-0 d5 16. cxd5 Nxd5 17. Qe2 Qc5+ 18. Kh1 Bxd3 19. Qxd3 Nb4 20. Qc4 Qxc4 21. bxc4 Rfd8 22. Bd2 c5 23. a3 Nd3 24. Rab1 Rab8 25. g3 Nf2+ 26. Kg2 Ne4 27. Be3 Bf8 28. Rxb8 Rxb8 29. Rd1 Rb2+ 30. Kf1 Be7 31. Rd7 Kf8 32. Rxc7 Ra2 33. g4 Rxa3 34. Ke2 f5 35. exf6 Bxf6 36. Bxc5+ Nxc5 37. Rxc5 Ra2+ 38. Ke3 a3 39. Ra5 Ra1 40. Ne5 a2 41. Kf2 Be7 42. Kg2 Bb4 43. Ra8+ Ke7 44. Nc6+ Ke6 45. Nxb4 Rb1 46. Nxa2 Rb2+ 47. Kg3 Kd6 48. Ra3 Kc5 49. Nc3 Kxc4 50. Ne4 Kd4 51. Ng5 Rb1 52. Nf3+ Kd5 53. Rd3+ Ke6 54. Ng5+ Ke7 55. Nxh7 Rg1+ 56. Kh3 Rf1 57. Rd4 Ke6 58. Ng5+ Ke7 59. Re4+ Kf8 60. Kh4 Kg7 61. h3 Rf2 62. Re7+ Kg8 63. Ne6 Re2 64. Kg5 Re3 65. Kxg6 1-0

[Event "Titled Tuesday intern op 5th May"]
[Site "Chess.com INT"]
[Date "2020.05.05"]
[Round "4"]
[White "Postny, Evgeny"]
[Black "Abdusattorova, Bakhora"]
[Result "1-0"]
[WhiteElo "2600"]
[BlackElo "2094"]
[PlyCount "123"]
[EventDate "2020.05.05"]
[EventType "swiss (blitz)"]
[EventRounds "10"]
[EventCountry "USA"]
[SourceTitle "EXT 2021"]
[Source "ChessBase"]
[SourceDate "2020.10.23"]
[SourceVersion "1"]
[SourceVersionDate "2020.10.23"]
[SourceQuality "1"]

1. d4 d5 2. c4 e6 3. Nc3 Nf6 4. Bg5 Bb4 5. e3 0-0 6. cxd5 exd5 7. Bd3 h6 8. Bh4 Nbd7 9. Nge2 c6 10. 0-0 Re8 11. a3 Bd6 12. b4 Nf8 13. Rb1 a6 14. a4 Bg4 15. b5 axb5 16. axb5 Ra3 17. Qc2 Bh5 18. bxc6 bxc6 19. Bg3 Bg6 20. Bxd6 Qxd6 21. Nf4 Bxd3 22. Nxd3 N8d7 23. Rb7 Rea8 24. h3 Ra1 25. Rfb1 Rxb1+ 26. Qxb1 Qa3 27. Rb3 Qa1 28. Kf1 Qa6 29. Ke1 Nf8 30. Rb2 Ne6 31. Ra2 Qc8 32. Rxa8 Qxa8 33. Qa2 Qb7 34. Qb2 Qa7 35. Ne5 Qa5 36. Nxc6 Qa6 37. Ne7+ Kh8 38. Nexd5 Nxd5 39. Nxd5 Qd3 40. Nc3 g6 41. d5 Ng7 42. Qd2 Qa6 43. d6 Ne6 44. d7 Qa1+ 45. Ke2 Qa6+ 46. Qd3 Qa8 47. f3 Kg7 48. Kf2 Kf8 49. Ne4 Qa2+ 50. Kg3 Qa8 51. Qd6+ Kg8 52. Kh2 Qd8 53. g4 h5 54. g5 h4 55. f4 Nf8 56. Kg2 Ne6 57. Kf3 Qa8 58. Qe5 Qa2 59. Qxe6 Qxe6 60. d8Q+ Kg7 61. Qf6+ Qxf6 62. Nxf6 1-0

[Event "Titled Tuesday intern op 28th Apr"]
[Site "Chess.com INT"]
[Date "2020.04.28"]
[Round "1"]
[White "Abdusattorova, Bakhora"]
[Black "Savchenko, Boris"]
[Result "0-1"]
[WhiteElo "2094"]
[BlackElo "2564"]
[PlyCount "120"]
[EventDate "2020.04.28"]
[EventType "swiss (blitz)"]
[EventRounds "10"]
[EventCountry "USA"]
[SourceTitle "EXT 2021"]
[Source "ChessBase"]
[SourceDate "2020.10.23"]
[SourceVersion "1"]
[SourceVersionDate "2020.10.23"]
[SourceQuality "1"]

1. d4 d5 2. c4 e6 3. Nc3 a6 4. Nf3 dxc4 5. e4 b5 6. a4 b4 7. Nb1 Bb7 8. Qc2 Nf6 9. Nbd2 c3 10. bxc3 bxc3 11. Qxc3 Nxe4 12. Nxe4 Bxe4 13. Be2 Nd7 14. 0-0 Nf6 15. Ne5 Bd6 16. Bg5 h6 17. Bh4 0-0 18. Nc6 Qd7 19. Ne5 Qe7 20. Ng4 Nd5 21. Qh3 f6 22. Bc4 Qf7 23. Bg3 Bf5 24. Bxd6 cxd6 25. Qg3 Bxg4 26. Qxg4 f5 27. Qe2 Rfe8 28. Rfe1 a5 29. Ra3 Nf4 30. Qd2 Nd5 31. Rg3 Kh7 32. Qe2 Rac8 33. Bb3 Nf4 34. Qf3 g5 35. h4 Qf6 36. hxg5 hxg5 37. Qd1 d5 38. Rge3 Kg6 39. g3 Nh3+ 40. Kg2 g4 41. Bc2 Ng5 42. Qxg4 Rh8 43. Rxe6 Rxc2 44. Rxf6+ Kxf6 45. Qf4 Rh7 46. Qe5+ Kg6 47. Qe8+ Rf7 48. Qg8+ Kf6 49. Qd8+ Kg6 50. Qxd5 Rd2 51. Qc6+ Rf6 52. Qe8+ Kg7 53. Re7+ Nf7 54. Qd7 f4 55. g4 f3+ 56. Kg3 Rd1 57. g5 Rg1+ 58. Kh2 Rxg5 59. Rxf7+ Rxf7 60. Qd6 Rf6 0-1